Normal view
MARC view
- Risse, Joseph A
Entry Personal Name
001 - CONTROL NUMBER
- control field: 41588
003 - CONTROL NUMBER IDENTIFIER
- control field: NUST
005 - DATE AND TIME OF LATEST TRANSACTION
- control field: 20210314132103.0
008 - FIXED-LENGTH DATA ELEMENTS
- fixed length control field: 210314|| aca||aabn | a|a d
040 ## - CATALOGING SOURCE
- Original cataloging agency: NUST
- Transcribing agency: NUST
100 ## - HEADING--PERSONAL NAME
- Personal name: Risse, Joseph A
670 ## - SOURCE DATA FOUND
- Source citation: Work cat.: (NUST): Risse, Joseph A., Electronic test instrument handbook., [1962]
